000
00280nam a2200109Ia 4500
008
200302s9999 xx 000 0 und d
100
_a
Le corbusier and Other
245
_a
Restoration of clarte building, geneva
260
_b
Birkhauser Verlag Gmbh
260
_c
2016
300
_a
175
999
_c
6205
_d
6205